<The> necessity of process improvement municipalities
Riadenie dokumentácie ako základná činnosť úradov miestnej správy. Vstupy, výstupy, typy dokumentov. Analýza webovej stránky samospráv v Slovenskej republike.
Enregistré dans:
| Auteur principal: | |
|---|---|
| Autres auteurs: | |
| Format: | Chapitre de livre |
| Langue: | anglais |
| Sujets: | |
| Tags: |
Pas de tags, Soyez le premier à ajouter un tag!
|
MARC
| LEADER | 00000nla$a2200000$$$4500 | ||
|---|---|---|---|
| 001 | 0143901 | ||
| 005 | 20240502072558.9 | ||
| 041 | 0 | |a eng | |
| 044 | |a SK | ||
| 245 | 1 | 0 | |a <The> necessity of process improvement municipalities |c Peter Schmidt, Jaroslav Kultan |
| 520 | |a Riadenie dokumentácie ako základná činnosť úradov miestnej správy. Vstupy, výstupy, typy dokumentov. Analýza webovej stránky samospráv v Slovenskej republike. | ||
| 610 | 2 | 0 | |a samospráva |
| 610 | 2 | 0 | |a správa miestna |
| 610 | 2 | 0 | |a dokumentácia |
| 610 | 2 | 0 | |a stránky webové |
| 610 | 2 | 0 | |a Slovensko |
| 100 | 1 | |a Schmidt, Peter, 1968- | |
| 700 | 1 | |a Kultan, Jaroslav, 1960- | |